| 000 | 00422nam a2200157Ia 4500 | ||
|---|---|---|---|
| 008 | 210210b1986 xxu||||| |||| 00| 0 eng d | ||
| 082 | _a796.8155 CHIN | ||
| 100 | _aCHINESE MARTIAL. | ||
| 245 | _aChinese martial arts- teach yourself. Ed 2. | ||
| 250 | _a | ||
| 260 |
_aChina. _bMorning Glory Press., _c1986 |
||
| 300 | _a94 | ||
| 650 | _aChinese Martial Arts | ||
| 690 | _aAthletic & Outdoor Sports | ||
| 906 | _a042521 | ||
| 999 |
_c92435 _d92435 |
||